| 000 | 00485nam a22001697a 4500 | ||
|---|---|---|---|
| 020 | _a9788119443055 | ||
| 082 |
_aM300 7 _bJOB/C |
||
| 245 |
_aCherivorarangal: dalit gothrajeevitham malayalanovelil/ _cby Jobin Jose Chamakala (ed.) |
||
| 260 |
_aKozhikode: _bPusthakalokam, _c2024. |
||
| 300 | _a341p. | ||
| 650 | _aNovel Study Malayalam | ||
| 650 | _aDalits Novel | ||
| 650 | _aLiterature Malayalam | ||
| 650 | _aLiterature | ||
| 700 | _aJobin Jose Chamakala (ed.) | ||
| 942 | _cBK | ||
| 999 |
_c181818 _d181818 |
||